000 00981nam0a22002651 4500
001 rc\4540016
005 20260408080743.0
021 _aRU
_bРг5460-64
035 _a(NLR Aleph) 008359913
090 _a8991658
_c8991659
100 _a20130416d1964 |||y0rusy50 ca
101 0 _arus
102 _aRU
105 _ay z |||||
200 1 _aИзучение народного искусства в Болгарии
_eТезисы
_fVII Междунар. конгресс антропол. и этногр. наук. Москва. 3-10 авг. 1964 г.
210 _a[Москва
_cБ. и.
_d1964]
215 _a[2] с.
_d22
300 _aБез тит. л. и обл.
700 1 _aКоев
_bИ.
712 1 2 _aМеждународный конгресс антропологов и этнографов
_d7
_f1964
_eМосква
_3RU\NLR\AUTH\8810101735
_9704267
801 0 _aRU
_bNLR
_gpsbo
801 1 _aRU
_bELAR
_2rusmarc
852 _aNLR
_j64-6/8817
942 _cBOOK
980 _aNB